000 00314nam a22001337a 4500
008 171024b xxu||||| |||| 00| 0 eng d
020 _a9780077572808
041 _aeng
080 _210TH
_a311
100 _a55
101 _aSTA
245 _aPRACTICAL BUSINESS MATH PROCEDURES
_cSLATER,J
942 _2udc
_cBK
999 _c35793
_d35793